000 00627nam a22001937a 4500
005 20251108170057.0
008 250721s9999 xx 000 0 ara d
082 1 4 _aط/ق/محم
100 1 _aالتوتنجي، محمد
245 1 0 _aالثعلب و الديك /
264 1 _aطرابلس :
_bالشركة العامة للنشر -دار الكتاب الليبي،
_c[19-].
300 _a12ص
490 0 _aسلسلة قالت الحيوانات يا اطفال
650 1 7 _aالقصص العربية
650 1 7 _aالأدب العربي
650 1 7 _aأدب الأطفال
942 _2ddc
_cBK
999 _c39136
_d39136